| 000 | 00916nam a2200217 a 4500 | ||
|---|---|---|---|
| 001 | 1285286 | ||
| 003 | AM-YEHGA | ||
| 005 | 20260327095911.0 | ||
| 008 | 180221s1920 ru c||||r|||||00||0|rus|d | ||
| 040 | _aAM-YEHGA | ||
| 041 | 0 | _arus | |
| 245 | 0 | 0 |
_aВпередъ! : _bСборник статей, посвященных памяти Петра Лавровича Лаврова : 1900 г. - 7 февр. - 1920 г. / _cПод ред. П. Витязева. |
| 260 |
_a[Петроград ; _aМосква] : _bКолос, _c[1920]. |
||
| 300 |
_a64 с. : _bпортр. ; _c26-27 см. |
||
| 504 | _aБиблиогр. в подстроч. примеч. | ||
| 600 | 1 | 4 | _aЛавров, Петр Лаврович |
| 650 | 1 | 4 | _aИстория России |
| 650 | 1 | 4 | _aГосударственные и политические деятели |
| 700 | 1 |
_aВитязев, Петр _eред. _4edt |
|
| 942 |
_2udc _cBK |
||
| 999 |
_c540780 _d540780 |
||